| 000 | 00666nam a2200217 a 4500 | ||
|---|---|---|---|
| 005 | 20240924070350.0 | ||
| 008 | 140331s2006 mx r 000 0 spa d | ||
| 020 | _a9687884789 | ||
| 035 | _aUPN01000196645 | ||
| 049 | _aI | ||
| 050 | 4 |
_aPR4611 A3 _bA4.8c |
|
| 100 | 1 |
_aCarroll, Lewis, _d1832-1898 |
|
| 245 | 1 | 0 |
_aAlicia para niños / _cLewis Carroll ; il. Patricia Sánchez ; tr. Arturo Castellanos. |
| 260 |
_aMéxico : _bAndrés Bello, _c2006. |
||
| 300 |
_a46 p. : _bil. col. |
||
| 534 |
_pTítulo original: _tThe nursery "Alice" |
||
| 650 | 0 |
_aLiteratura infantil inglesa _911046 |
|
| 650 | 0 |
_aFantasía _911180 |
|
| 905 | _aInfantil | ||
| 999 |
_c168746 _d168746 |
||